000 01217nam a2200289 a 4500
001 24950
003 CO-ViMGA
008 141112s2004 ck r 000 u spa d
020 _a9789589177679
040 _aCO-ViMGA
_bspa
_cCO-ViMGA
090 _aP POM1
100 1 _aPombo, Rafael, 1833 - 1912
_92448
245 1 0 _acon Pombo y platillos /
_cRafael Pombo ; ilustraciones José Sanabria, Daniel Gómez, José Rosero
250 _a1a ed.
260 _aBogotá :
_bMinisterio de Cultura de Colombia,
_c2012
300 _a32 p. : il. col.
490 _aLeer es mi cuento, 2 :
505 _aMirringa mirronga - - El renacuajo paseador - - Juan Chunguero - - Pastorcita - - Juan Matachín - - Tía Pasitrote - - Las siete vidas del gato - - La pobre viejecita - - Juaco el ballenero - - El pardillo - - La marrana peripuesta - - Simón el bobito - - El niño y l
650 1 4 _aAUTORES COLOMBIANOS
_98166
650 1 4 _aDESDE LOS 3 AÑOS
_98169
650 1 4 _aILUSTRADORES COLOMBIANOS
_98167
650 1 4 _aLITERATURA INFANTIL COLOMBIANA
_92160
650 1 4 _aPOESIA INFANTIL COLOMBIANA - SIGLO XX
_98165
650 1 4 _aRIMAS INFANTILES
_98168
700 1 _aSanabria, José Rosero, José
_98170
942 _2ddc
_cBK
999 _c2607
_d2607